| 000 | 00944nam a2200229Ia 4500 | ||
|---|---|---|---|
| 999 |
_c39543 _d39543 |
||
| 001 | 6141 | ||
| 003 | GE_BSU | ||
| 005 | 20190628142547.0 | ||
| 008 | 181216s1987|||| |||||||||||||| ||geo|| | ||
| 041 | _ageo | ||
| 080 | _a624.395(075.8) გ-12 | ||
| 100 |
_aგაბადაძე, მ. _93042 |
||
| 245 |
_aავტომატური კომუტაცია : დამხმ. სახელმძღ. / _cმ. გაბადაძე ; ო. შამანაძე ; რედ. მ.ძიძიგური. |
||
| 264 |
_aთბილისი : _bსპი, _c1987. |
||
| 300 |
_a58 გვ .: _c20 სმ;. |
||
| 504 | _aბიბლიოგრ : გვ.56 | ||
| 653 | _aავტომატური კომუტაცია | ||
| 653 | _aტექნიკა | ||
| 700 |
_aშამანაძე, ო _93043 |
||
| 700 |
_aძიძიგური, მ _eრედაქტორი _9472 |
||
| 942 |
_cBK _2udc |
||